000 00584nam a2200205Ia 4500
003 GCL
008 140319s9999 xx 000 0 ara d
040 _aGCL /
_cGCL
082 0 4 _a254.1
_bع ز
100 1 _aعبدالعزيز الشناوى
245 1 0 _aزوجات الصحابة /
_cعبدالعزيز الشناوى
260 _a[S.N] :
_bدار النصر
300 _a126 ص
490 _a
650 0 4 _aالاسلام
650 0 4 _aالصحابيات
650 0 4 _aالصحابة والتابعون
650 0 4 _aالمرأة فى الاسلام
942 _2ddc
_cBK
999 _c29795
_d29795